| 000 | 00516nam a2200181Ia 4500 | ||
|---|---|---|---|
| 008 | 140807t2012 xxu||||| |||| 00| 0 sin d | ||
| 041 | _asin | ||
| 080 |
_a8-31 _bSIN |
||
| 100 | _aSinger,Isaac Bashevis | ||
| 245 | _aපව්කාරයකුගේ ප්රේම සවාරිය | ||
| 246 | _aPawkarayakuge Prema Sawariya | ||
| 260 |
_aSarasavi _aNugegoda _c2012 |
||
| 300 | _b346p, 21 cm | ||
| 700 |
_aKodikari,Pasan _etr. |
||
| 942 | _cBK | ||
| 999 |
_c42704 _d42704 |
||
| 003 | LK-CoDNM | ||
| 040 |
_aLK-CoDNM _dLK-CoDNM _eLK-CoDNM |
||